000 00821nam a2200229Ia 4500
001 22098
005 20260416140345.0
008 260320s9999||||xx |||||||||||||| ||und||
020 _a9786124943010
041 _aESP
082 _a346.5
_bP19E
100 _aPalacios Martínez, Eric,
_eAUT
245 0 _aDerecho de las obligaciones :
_bproblemas fundamentales en la codificación civil
260 _aLima :
_bGrupo Praxis,
_c2024
300 _a703 páginas :
_c25 cm.
440 _a(Derecho Civil)
650 _aCIS
653 _aDerecho; Derecho procesal civil; Codificación civil
654 _aDER
856 _uhttps://0u214rxrl-y-https-app-vlex-com.itmsp.museknowledge.com/search/jurisdiction:PE/Derecho+de+las+obligaciones+codificacion+civil
_zVéase además: Base de datos Vlex
942 _cLIB
_dJUS
_fMIP
_2ddc
999 _c22098
_d22098